00475 2200181 4500001002100000005001500021035002000036245004500056100001900101260004400120300002200164020002200186084001400208082000800222650001000230008004100240990001200281INLIS00000000000272220251007093111 a0010-09250000691 aYuk, Saling Menghargai /cYugha Erlangga aYugha Erlangga aJakarta :bEsensi Erlangga Group,c2017 a- ;c(26 x 20 cm) a978-602-6847-46-1 a300 YUG y a300 4aFiksi251007 0  a0754924